000 00525nam a2200217Ia 4500
999 _c2727
_d2727
007 ta
008 230328t1986||||xxka ||gd|||||||1 ||eng||
020 _a0540074055
_c$ 199.00
040 _aKO
_beng
041 0 _aeng
044 _axxk
082 0 4 _223
_a551.5
_bSa567
100 1 _aSanderson, Ray
245 1 0 _aMeteorology at sea /
_cRay Sanderson
260 _aLondon :
_bStanford Maritime,
_c1986
300 _a227 p.:
_bill. ;
_c24 cm.
650 0 _aMarine meteorology
904 _aA_BOSE
942 _cBK